Dvadsaťpäť rokov v hasičských službách prvá priečka patrí mužom v modrom

Bibliographic Details
Main Author: Priščáková, Lucia (Author)
Format: Article
Language:Slovak
PhysicalDescription:Fotogr.
Subjects:

MARC

LEADER 00000nab a2200000 ar4500
001 vtls008427419
003 SK-MaSNL
005 20260304001607.0
008 060201c2004 xo mr|p|||||||000 b|slo
038 |a SNSK 
040 |b slo  |c SNSK  |e AACR2 
041 0 |a slo 
044 |a xo  |c SK 
080 |a 614.842  |2 UDC-MRF-SK2 
100 1 |a Priščáková, Lucia  |4 aut  |9 1278195 
245 1 0 |a Dvadsaťpäť rokov v hasičských službách prvá priečka patrí mužom v modrom  |c Lucia Priščáková 
300 |b Fotogr. 
610 2 7 |a Okresné riaditeľstvo hasičského a záchranného zboru (Spišská Nová Ves, Slovensko)  |2 snsk  |9 1028604 
650 0 7 |a požiarna ochrana  |2 snsk  |9 1501 
651 7 |a Spišská Nová Ves (Slovensko)  |2 snsk  |9 28800 
773 0 |t Spišské hlasy  |g Roč. V., č. 12 (2004), s. 22. 
852 |a SNSK  |b KIS3GCP 
999 |c 2537765  |d 2539695